[Event "Cantabria-ch"]
[Site "Cantabria"]
[Date "2009.04.25"]
[Round "6"]
[White "Teja Sainz De la Maza, Victor Ma"]
[Black "Giraldez Camus, Jose"]
[Result "1-0"]
[WhiteElo "1626"]
[BlackElo "1854"]
[PlyCount "73"]
[EventDate "2009.03.14"]
[EventType "swiss"]
[EventRounds "7"]
[EventCountry "ESP"]
[SourceTitle "EXT 2024"]
[Source "ChessBase"]
[SourceDate "2023.10.10"]
[SourceVersion "1"]
[SourceVersionDate "2023.10.10"]
[SourceQuality "1"]

1. e4 d6 2. d4 Nf6 3. Nc3 g6 4. Be2 Bg7 5. Be3 0-0 6. Qd2 Nc6 7. Nf3 a6 8. d5 Na7 9. 0-0 e5 10. Bg5 b5 11. a3 Bb7 12. h4 Qd7 13. Nh2 h5 14. f4 Nc8 15. f5 Ne7 16. g4 c5 17. b4 c4 18. Bxf6 Bxf6 19. g5 Bh8 20. f6 Nc8 21. Rf2 Nb6 22. Rg2 Bc8 23. Nf1 Qa7 24. Kh2 Qd7 25. Qe3 Rb8 26. Kg1 Qh3 27. Ng3 Qxh4 28. Rh2 Qf4 29. Qxf4 exf4 30. Nxh5 gxh5 31. Rxh5 Nd7 32. Kf2 Ne5 33. Rah1 Ng6 34. Rh6 Bd7 35. Bh5 Be8 36. Bxg6 fxg6 37. Rxh8+ 1-0